000 00572nam a2200253Ia 4500
003 OSt
005 20240419045948.0
008 210329s9999||||xx |||||||||||||| ||und||
040 _cSTCPL
041 _aENG
082 _a822
_bMAH-C
100 _aDattani, Mahesh
245 0 _aCollected plays /
_cby Mahesh Dattani
260 _aNew Delhi :
_bPenguin Books ,
_c2000 ,
300 _a516 p.
_bPB
650 _aEnglish literature
650 _aDrama
942 _cBK
942 _2ddc
942 _2ddc
942 _2ddc
_n0
942 _2ddc
_n0
942 _2ddc
_n0
999 _c82500
_d82500